A functional analysis framework for modeling, estimation and control in science and engineering
Αποθηκεύτηκε σε:
| Κύριος συγγραφέας: | |
|---|---|
| Μορφή: | Βιβλίο |
| Γλώσσα: | English |
| Δημοσίευση: |
Boca Raton :
CRC Press,
c2012.
|
| Θέματα: | |
| Ετικέτες: |
Προσθήκη ετικέτας
Δεν υπάρχουν, Καταχωρήστε ετικέτα πρώτοι!
|
MARC
| LEADER | 00000nam a2200000 a 4500 | ||
|---|---|---|---|
| 001 | 1/107598 | ||
| 008 | 150721t2012####flu| ||| |||| ||eng|| | ||
| 020 | |a 9781439880838 |q (σκληρό εξώφυλλο) | ||
| 040 | |a GR-MyUa |b gre |c GR-MyUa |e AACR2 | ||
| 041 | 0 | |a eng | |
| 082 | 7 | |a 515.7 |2 (23) | |
| 100 | 1 | 1 | |a Banks, H. Thomas. |
| 245 | 0 | 0 | |a A functional analysis framework for modeling, estimation and control in science and engineering / |c H.T. Banks. |
| 260 | |a Boca Raton : |b CRC Press, |c c2012. | ||
| 300 | |a xi, 268 σ. : |b διαγρ. ; |c 24 εκ. | ||
| 504 | |a Βιβλιογραφία: σ. 241-263. | ||
| 504 | |a Ευρετήριο: σ. 265-268. | ||
| 650 | 0 | |a Functional analysis | |
| 650 | 0 | |a Science |x Mathematical models. | |
| 650 | 0 | |a Engineering |x Mathematical models. | |
| 852 | |a INST |b CHIOS |e 20150721 |h 515.7 BAN |p 005200037409 |q 005200037409 |t BK |y 0 | ||
| 922 | |a 2ΕΛΗ |b 2015-05 |c ΤΑΚ/ΤΜΟΔ |d ΔΡΕΣ | ||
| 970 | |a Σπέντζα |b Ελένη |z 2015-04 | ||